1822 1359 1140 1966 1227 1053 1091 1705 1821 1737 1056 1509 1046 1711 1263 1654 1450 1073 1274 1110 1385 1227 1017 1041 1086 1066 1537 1897 1210 1165 1794 1558 1834 1833 1671 1609 1107 1532 1769 1964 1351 1999 1607 1471 1503 1290 1456 1539 1481 1397 1316 1206 1843 1549 1312 1466 1543 1551 1359 1967 1658 1158 1105 1404 1070 1738 1808 1811 1683 1261 1873 1658 1192 1564 1230 1414 1787 1002 1270 1479 1207 1727 1161 1665 1897 1839 1655 1184 1705 1399 1278 1823 1385 1959 1230 1995 1654 1452 1258 BCNSPRNW ULIB Ver.6.0+V

เปลี่ยนเป็นภาษาไทย

Change to English
 แสดงรายละเอียดบรรณานุกรม
  กลับหน้าหลัก

Brief Record : Get Marc (ISO 2709) : E-mail record : QR code < ปิดหน้าต่าง
LEADER : 00000nam 2200000uu 4500
001    13399115138
003     ULIB
008    120712s2552||||th 000 0 tha d
020    ^a9789740923411
050 04 ^aPE1498^bน658ป 2552
100 0  ^aนิรุธ อำนวยศิลป์
245 10 ^aแปลอังกฤษได้เพียงข้ามคืน /^cนิรุธ อำนวยศิลป์
260    ^aกรุงเทพฯ :^bดวงกมลสมัย,^c[2552]
300    ^a156 หน้า :^bภาพประกอบ
650  7 ^aภาษาอังกฤษ^xการแปล
650  7 ^aภาษาอังกฤษ^xไวยากรณ์
650  7 ^aภาษาอังกฤษ^xการแปลภาษาด้วยเครื่อง
945    ^p179^l0^i18157
995    ^aกัณชพร
999 ^a ใช้งานได้ทุกระบบ
รายการนี้ยังไม่มีแท็ก
คุณยังไม่ได้ล็อกอิน คุณสามารถมีกิจกรรมร่วมกับเว็บไซต์ได้ แต่ต้องล็อกอินก่อน ::
  ล็อกอิน

รายการสื่อสารสนเทศ

ลำดับที่ ประเภท เลขเรียก/บาร์โค้ด สถานที่ สถานะ
- ไม่พบข้อมูล -

รายการใกล้เคียง
    ผู้แต่ง [นิรุธ อำนวยศิลป์]

BibComment


ยังไม่เคยถูกคอมเมนท์

คอมเมนท์ทรัพยากรรายการนี้
  คอมเมนท์: แปลอังกฤษได้เพีย..


 Copyright 2026. Bcnsprnw @Library